Welcome to the Holygrace Academy Library

Please use search bar below to get started

ENGLISH SPEAKING COURSE AND LETTER DRAFTING (Record no. 3680)

MARC details
000 -LEADER
fixed length control field 00359nam a22001457a 4500
020 ## - INTERNATIONAL STANDARD BOOK NUMBER
ISBN 978-93-83080-53-3
082 ## - DEWEY DECIMAL CLASSIFICATION NUMBER
Classification number 425
Item number MOO/E
100 ## - MAIN ENTRY--AUTHOR NAME
Personal name M.A, MOOSAKKUTTY
245 ## - TITLE STATEMENT
Title ENGLISH SPEAKING COURSE AND LETTER DRAFTING
250 ## - EDITION STATEMENT
Edition statement FIRST
260 ## - PUBLICATION, DISTRIBUTION, ETC. (IMPRINT)
Place of publication THRISSUR
Name of publisher H&C PUBLISHING HOUSE
300 ## - PHYSICAL DESCRIPTION
Number of Pages 96
650 ## - SUBJECT ADDED ENTRY--TOPICAL TERM
Topical Term ENGLISH COMPOSITION
Geographic subdivision KERALA
942 ## - ADDED ENTRY ELEMENTS (KOHA)
Koha item type Books
Holdings
Withdrawn status Lost status Collection code Home library Current library Shelving location Date acquired Source of acquisition Cost, normal purchase price Full call number Accession Number Koha item type
    Reference Main Library Main Library SHELF-16B -ENGLISH SPEECHES,ESSAYS,QUOTES 14/05/2014 PURCHASE 20.00 425 MOO/E 01682 Books